[Event "World Corporate East B"]
[Site "Chess.com INT"]
[Date "2021.02.19"]
[Round "2.10"]
[White "Teterikov, Andrey"]
[Black "Lakshmi, Praneetha K"]
[Result "0-1"]
[WhiteElo "2029"]
[BlackElo "2039"]
[PlyCount "70"]
[EventDate "2021.02.19"]
[EventType "team (rapid)"]
[EventRounds "7"]
[EventCountry "USA"]
[SourceTitle "EXT 2022"]
[Source "ChessBase"]
[SourceDate "2021.10.06"]
[SourceVersion "1"]
[SourceVersionDate "2021.10.06"]
[SourceQuality "1"]
[WhiteTeam "MTS"]
[BlackTeam "Google Bangalore"]
[WhiteTeamCountry "RUS"]
[BlackTeamCountry "IND"]

1. e4 c5 2. Nf3 d6 3. d4 cxd4 4. Nxd4 Nf6 5. Nc3 Nc6 6. g3 g6 7. Bg2 Bd7 8. 0-0 Bg7 9. h3 0-0 10. Nde2 Rc8 11. Nf4 Ne5 12. Ncd5 Bc6 13. Rb1 Qd7 14. b3 Rfd8 15. Bb2 b6 16. c4 Qb7 17. Re1 e6 18. Nxf6+ Bxf6 19. Qe2 b5 20. cxb5 Bxb5 21. Qd2 Bg7 22. Rbc1 Qb6 23. Bd4 Qb7 24. h4 a6 25. h5 Bh6 26. hxg6 fxg6 27. Rxc8 Rxc8 28. Qd1 Qf7 29. Be3 g5 30. Nh3 g4 31. Bxh6 gxh3 32. Bh1 Rd8 33. Qd2 Qg6 34. Bf4 Ng4 35. Bf3 Nf6 0-1

[Event "IND-chB (Women) 41st"]
[Site "Mapusa"]
[Date "2014.09.15"]
[Round "11"]
[White "Lakshmi, Praneetha K"]
[Black "Mohota, Nisha"]
[Result "0-1"]
[WhiteElo "2005"]
[BlackElo "2248"]
[PlyCount "80"]
[EventDate "2014.09.07"]
[EventType "swiss"]
[EventRounds "11"]
[EventCountry "IND"]
[SourceTitle "CBM 162 Extra"]
[Source "ChessBase"]
[SourceDate "2014.10.17"]
[SourceVersion "1"]
[SourceVersionDate "2014.10.17"]
[SourceQuality "1"]

1. e4 c6 2. d4 d5 3. exd5 cxd5 4. c4 Nf6 5. Nc3 Nc6 6. Nf3 g6 7. h3 Bg7 8. c5 0-0 9. Bd3 b6 10. cxb6 Qxb6 11. Na4 Qb4+ 12. Bd2 Qd6 13. 0-0 Ne4 14. Be3 f5 15. Bb5 f4 16. Bxc6 Qxc6 17. Bd2 Nxd2 18. Nxd2 Bxd4 19. Rc1 Qd6 20. Nf3 Bg7 21. Nd4 Bxd4 22. Qxd4 f3 23. Rfd1 Rf5 24. g4 Rf4 25. Qxd5+ Qxd5 26. Rxd5 Bxg4 27. hxg4 Rxg4+ 28. Kh2 Rxa4 29. Re5 Re8 30. a3 Rg4 31. Kh3 Rg2 32. Rc2 g5 33. Re3 g4+ 34. Kh4 Kf7 35. Re4 h5 36. Kxh5 Rg8 37. Kh4 e5 38. Rxe5 g3 39. Rf5+ Ke6 40. Kh3 Rh2# 0-1

[Event "IND-chB (Women) 41st"]
[Site "Mapusa"]
[Date "2014.09.14"]
[Round "10"]
[White "Ramaswamy, Aarthie"]
[Black "Lakshmi, Praneetha K"]
[Result "1/2-1/2"]
[WhiteElo "2096"]
[BlackElo "2005"]
[PlyCount "48"]
[EventDate "2014.09.07"]
[EventType "swiss"]
[EventRounds "11"]
[EventCountry "IND"]
[SourceTitle "CBM 162 Extra"]
[Source "ChessBase"]
[SourceDate "2014.10.17"]
[SourceVersion "1"]
[SourceVersionDate "2014.10.17"]
[SourceQuality "1"]

1. e4 c5 2. Nf3 d6 3. d4 cxd4 4. Nxd4 Nf6 5. Nc3 g6 6. Be3 Bg7 7. f3 Nc6 8. Qd2 Bd7 9. g4 0-0 10. h4 Rc8 11. h5 Ne5 12. 0-0-0 Qa5 13. a3 a6 14. Kb1 Nxf3 15. Nxf3 Rxc3 16. Qxc3 Qxc3 17. bxc3 Bxg4 18. Bg2 Nxe4 19. Kc1 Nxc3 20. Rde1 Rc8 21. Bh3 Na2+ 22. Kb1 Nc3+ 23. Kc1 Na2+ 24. Kb1 Nc3+ 1/2-1/2

[Event "IND-chB (Women) 41st"]
[Site "Mapusa"]
[Date "2014.09.12"]
[Round "8"]
[White "Lakshmi, Praneetha K"]
[Black "Nimmy, A George"]
[Result "1/2-1/2"]
[WhiteElo "2005"]
[BlackElo "2118"]
[PlyCount "65"]
[EventDate "2014.09.07"]
[EventType "swiss"]
[EventRounds "11"]
[EventCountry "IND"]
[SourceTitle "CBM 162 Extra"]
[Source "ChessBase"]
[SourceDate "2014.10.17"]
[SourceVersion "1"]
[SourceVersionDate "2014.10.17"]
[SourceQuality "1"]

1. e4 c5 2. Nc3 Nc6 3. f4 g6 4. Nf3 Bg7 5. Bc4 e6 6. d3 Nge7 7. 0-0 0-0 8. Qe1 d5 9. Bb3 Na5 10. Bd2 c4 11. Ba4 a6 12. Nd1 Nac6 13. dxc4 dxc4 14. c3 e5 15. Bc2 Qd6 16. Kh1 exf4 17. Qh4 Qf6 18. Qxf6 Bxf6 19. Bxf4 Bg7 20. Ne3 b5 21. Rad1 h6 22. Bd6 Be6 23. Nd5 Ra7 24. Bc5 Rb7 25. Nxe7+ Nxe7 26. Rd6 Rc7 27. Bd4 Rc6 28. Rxc6 Nxc6 29. Bxg7 Kxg7 30. Rd1 Rd8 31. Rxd8 Nxd8 32. Kg1 Nc6 33. Kf2 1/2-1/2

[Event "IND-chB (Women) 41st"]
[Site "Mapusa"]
[Date "2014.09.10"]
[Round "6"]
[White "Ivana Maria, Furtado"]
[Black "Lakshmi, Praneetha K"]
[Result "1/2-1/2"]
[WhiteElo "2182"]
[BlackElo "2005"]
[PlyCount "106"]
[EventDate "2014.09.07"]
[EventType "swiss"]
[EventRounds "11"]
[EventCountry "IND"]
[SourceTitle "CBM 162 Extra"]
[Source "ChessBase"]
[SourceDate "2014.10.17"]
[SourceVersion "1"]
[SourceVersionDate "2014.10.17"]
[SourceQuality "1"]

1. Nf3 g6 2. c4 Bg7 3. d4 c5 4. e3 Nf6 5. Nc3 cxd4 6. Nxd4 d6 7. Be2 Nc6 8. 0-0 0-0 9. Nc2 Bf5 10. f3 Rc8 11. e4 Be6 12. Rb1 a6 13. Be3 Na5 14. b3 b5 15. Nd5 Nxd5 16. cxd5 Bd7 17. Nb4 Nb7 18. a4 Qa5 19. Na2 e6 20. b4 Qd8 21. a5 Qf6 22. Qd2 Rfe8 23. Rfd1 Qe7 24. Bd4 exd5 25. Bxg7 Kxg7 26. Qxd5 Be6 27. Qd2 Bc4 28. Nc3 Bxe2 29. Nd5 Qe5 30. Qxe2 f5 31. Qe3 fxe4 32. f4 Qe6 33. Qa7 Qf7 34. Qxa6 e3 35. Qxb5 e2 36. Re1 Nc5 37. Nb6 Qxf4 38. Nxc8 Qe3+ 39. Kh1 Nd3 40. Qb7+ Kh8 41. Rxe2 Qxe2 42. h3 Qc2 43. Nxd6 Qxb1+ 44. Kh2 Re1 45. Qc8+ Kg7 46. Qd7+ Kf6 47. Ne8+ Ke5 48. Qd6+ Ke4 49. Nf6+ Ke3 50. Qe6+ Kd4 51. Qd5+ Ke3 52. Qe6+ Kd2 53. Ne4+ Kc1 1/2-1/2

[Event "IND-chB (Women) 41st"]
[Site "Mapusa"]
[Date "2014.09.07"]
[Round "2"]
[White "Bommini, Mounika Akshaya"]
[Black "Lakshmi, Praneetha K"]
[Result "0-1"]
[WhiteElo "1615"]
[BlackElo "2005"]
[PlyCount "64"]
[EventDate "2014.09.07"]
[EventType "swiss"]
[EventRounds "11"]
[EventCountry "IND"]
[SourceTitle "CBM 162 Extra"]
[Source "ChessBase"]
[SourceDate "2014.10.17"]
[SourceVersion "1"]
[SourceVersionDate "2014.10.17"]
[SourceQuality "1"]

1. e4 c5 2. Nc3 Nc6 3. f4 g6 4. Nf3 Bg7 5. Bb5 Nd4 6. 0-0 Nxb5 7. Nxb5 d5 8. e5 Nh6 9. d4 a6 10. Nc3 cxd4 11. Qxd4 e6 12. h3 0-0 13. g4 f6 14. exf6 Bxf6 15. Qd3 Bg7 16. Be3 b5 17. Rad1 Bb7 18. Ng5 Qe7 19. Bd4 e5 20. Rde1 Rxf4 21. Rxf4 Qxg5 22. Bxe5 Bxe5 23. Rf2 Bg7 24. Rfe2 Rf8 25. Re7 Bc6 26. Qg3 Bd4+ 27. Kh1 Nf5 28. Qc7 Nxe7 29. Qxe7 Qf4 30. Qe6+ Kh8 31. Qe2 Bxc3 32. bxc3 d4+ 0-1

[Event "Wch U14 Girls"]
[Site "Heraklion"]
[Date "2004.11.08"]
[Round "6"]
[White "Lakshmi, Praneetha K"]
[Black "Ignacz, Maria"]
[Result "1-0"]
[WhiteElo "2042"]
[BlackElo "2153"]
[PlyCount "65"]
[EventDate "2004.11.04"]
[EventType "swiss"]
[EventRounds "11"]
[EventCountry "GRE"]
[SourceTitle "EXT 2005"]
[Source "ChessBase"]
[SourceDate "2004.11.15"]
[SourceVersion "1"]
[SourceVersionDate "2004.11.15"]
[SourceQuality "1"]

1. e4 c5 2. Nc3 Nc6 3. f4 g6 4. Nf3 Bg7 5. Bb5 Nd4 6. Nxd4 cxd4 7. Ne2 Qb6 8. Bc4 Nf6 9. d3 d5 10. exd5 0-0 11. 0-0 Qc5 12. Kh1 Nxd5 13. Bxd5 Qxd5 14. c3 dxc3 15. Nxc3 Qc6 16. d4 Rd8 17. Be3 Bf5 18. Rc1 Qb6 19. Na4 Qb4 20. a3 Qd6 21. Qf3 b6 22. Nc3 Qd7 23. h3 h5 24. Rfd1 Rac8 25. d5 Bxc3 26. bxc3 Qa4 27. Bd4 Bc2 28. Re1 Bb3 29. f5 Bxd5 30. Qf4 Qc6 31. Qh6 f6 32. Rxe7 Bxg2+ 33. Kg1 1-0